|
|
|
|
| LEADER |
02410nam a2200301 a 4500 |
| 001 |
0017993 |
| 003 |
BD-DhAAL |
| 008 |
090512s1991 njua b 001 0 eng d |
| 010 |
|
|
|a \\\90006977
|
| 020 |
|
|
|a 0135897637
|
| 040 |
|
|
|a DLC
|c DLC
|d DLC
|d BD-DhAAL
|
| 082 |
0 |
0 |
|a 629.8312
|2 20
|
| 100 |
1 |
|
|a Brogan, William L.
|9 58592
|
| 245 |
1 |
0 |
|a Modern control theory /
|c William L. Brogan.
|
| 250 |
|
|
|a Third edition.
|
| 260 |
|
|
|a Englewood Cliffs, N.J. :
|b Prentice Hall,
|c c1991.
|
| 300 |
|
|
|a xviii, 653 p. :
|b ill. ;
|c 25 cm
|
| 504 |
|
|
|a Includes bibliographical references and index.
|
| 526 |
|
|
|a EEE
|x Md Sayeed Salam
Department of Electrical and Electronic Engineering
BRAC University
Course Name : Modern Control Theory (EEE 574)
|
| 541 |
1 |
|
|e 00017993
|a D. S. Books International
|
| 650 |
|
0 |
|a Control theory.
|9 29425
|
| 852 |
4 |
|
|a Ayesha Abed Library
|c General Stacks
|
| 942 |
|
|
|2 ddc
|c BK
|
| 999 |
|
|
|c 639
|d 639
|
| 952 |
|
|
|0 0
|1 0
|2 ddc
|4 0
|6 629_831200000000000_BRO_1991
|7 0
|8 NFIC
|9 587
|a BRACUL
|b BRACUL
|c GEN
|d 2009-05-12
|e D. S. Books International
|l 0
|o 629.8312 BRO
|p 3010017993
|r 2009-05-12
|t 1
|w 2009-05-12
|y BK
|x Requisitioned by Md Sayeed Salam Department of Electrical and Electronic Engineering, BRAC University for the course named- "Modern Control Theory (EEE 574)" ; USD 139.50
|
| 952 |
|
|
|0 0
|1 0
|2 ddc
|4 0
|6 629_831200000000000_BRO_1991
|7 0
|8 NFIC
|9 10414
|a BRACUL
|b BRACUL
|c GEN
|d 2010-05-23
|e D. S. Books International
|l 4
|m 7
|o 629.8312 BRO
|p 3010017997
|r 2014-09-01
|s 2014-05-21
|t 4
|w 2010-05-23
|y BK
|x Requisitioned by Md Sayeed Salam Department of Electrical and Electronic Engineering, BRAC University for the course named- "Modern Control Theory (EEE 574)" ; USD 139.50
|
| 952 |
|
|
|0 0
|1 0
|2 ddc
|4 0
|6 629_831200000000000_BRO_1991
|7 0
|8 NFIC
|9 10747
|a BRACUL
|b BRACUL
|c GEN
|d 2010-06-08
|e D. S. Books International
|l 4
|m 25
|o 629.8312 BRO
|p 3010017996
|r 2015-10-04
|s 2015-04-11
|t 3
|w 2010-06-08
|y BK
|x Requisitioned by Md Sayeed Salam Department of Electrical and Electronic Engineering, BRAC University for the course named- "Modern Control Theory (EEE 574)" ; USD 139.50
|
| 952 |
|
|
|0 0
|1 0
|2 ddc
|4 0
|6 629_831200000000000_BRO_1991
|7 0
|8 NFIC
|9 10748
|a BRACUL
|b BRACUL
|c GEN
|d 2010-06-08
|e D. S. Books International
|l 7
|m 40
|o 629.8312 BRO
|p 3010017994
|r 2014-01-09
|s 2013-09-24
|t 2
|w 2010-06-08
|y BK
|x Requisitioned by Md Sayeed Salam Department of Electrical and Electronic Engineering, BRAC University for the course named- "Modern Control Theory (EEE 574)" ; USD 139.50
|